|
|
|
|
| LEADER |
00000nam0a2200000 4500 |
| 001 |
72290 |
| 005 |
20231031083330.0 |
| 035 |
|
|
|a (RuTPU)RU\TPU\book\77074
|
| 090 |
|
|
|a 72290
|
| 100 |
|
|
|a 20050117d1982 m y0rusy50 ca
|
| 101 |
0 |
|
|a rus
|
| 102 |
|
|
|a RU
|
| 105 |
|
|
|a y j 000zy
|
| 200 |
1 |
|
|a Организация внедрения стандартов и контроль за их соблюдением
|e Методические рекомендации
|f Государственная библиотека СССР им. В. И. Ленина. Научно-методический отдел; сост. В. М. Владимирова; Н. А. Корешкова; Под ред. А. А. Хренковой
|
| 210 |
|
|
|a Москва
|c Изд-во ГБЛ
|d 1982
|
| 215 |
|
|
|a 28 с.
|
| 320 |
|
|
|a Литература: с. 20-21
|
| 333 |
|
|
|a Исключено из фонда НТБ ТПУ
|
| 702 |
|
1 |
|a Владимирова
|b В. М.
|4 220
|
| 702 |
|
1 |
|a Корешкова
|b Н. А.
|4 220
|
| 702 |
|
1 |
|a Хренкова
|b А. А.
|4 340
|
| 712 |
0 |
2 |
|a Государственная библиотека СССР им. В.И. Ленина
|b Научно-методический отдел
|2 stltpush
|3 (RuTPU)RU\TPU\col\6015
|
| 801 |
|
1 |
|a RU
|b 63413507
|c 20050117
|g PSBO
|
| 801 |
|
2 |
|a RU
|b 63413507
|c 20150430
|g PSBO
|
| 942 |
|
|
|c BK
|